000 00966nam a22003137a 4500
001 BR7803121
003 BR-BrBNA
005 20230928085610.0
007 ta
008 230509b bl.||||| |||| 00| 0 por d
040 _aBR-BrBNA
_bpor
_cBiblioteca Nacional de Agricultura
041 _a(Por)
072 _aF00; F10
_b0230
090 _ 0230 BR7803121
100 1 _aTuler, V.V.
110 1 _aPrograma Nacional de Melhoramento da Cana-de-Acucar, Campos, RJ (Brasil). Coordenadoria Regional Leste
_98022
245 1 _aInfluencia das chuvas nos rendimentos culturais da cana-de-acucar e nos rendimentos industriais de uma safra [Saccharum spp]
260 3 _aCampos, RJ (Brasil):
_c[nd].
300 _a6 p.
500 _a2 graphs; Published after 1977
650 _aMETEOROLOGIA
650 _aCANA DE ACUCAR
650 _aCLIMA
650 _aRENDIMENTO
650 _aSAFRA
650 _aCHUVA
909 _a202309
_bLucia
_c55
_dLucia Elande
942 _cBK
999 _c25305
_d25305